Cù lao tràm Tiểu thuyết

Bewaard in:
Bibliografische gegevens
Hoofdauteur: Nguyễn Mạnh Tuấn
Formaat: Boek
Tags: Voeg label toe
Geen labels, Wees de eerste die dit record labelt!
Thư viện lưu trữ: Mạng thư viện Đại học Đà Nẵng
LEADER 00753nam a2200217 4500
001 000005428
003 1572
005 20150812140830.0
008 110816s sd
100 0 |a Nguyễn Mạnh Tuấn 
245 0 0 |a Cù lao tràm  |b Tiểu thuyết  |c Nguyễn Mạnh Tuấn 
774 |a Nguyễn Mạnh Tuấn  |b Tái bản lần thứ 1  |d Hải Phòng  |d Nxb. Hải Phòng  |d 1985  |g Tập 1  |h 275 tr  |w 1574 
774 |a Nguyễn Mạnh Tuấn  |b Tái bản lần thứ 1  |d Tp. Huế  |d Nxb. Thuận Hóa  |d 1985  |g Tập 2  |h 349 tr  |w 1575 
OWN |a LSP 
999 |a From the UDN01 
TYP |a Monograph 
TYP |a Printed language 
980 |a Mạng thư viện Đại học Đà Nẵng